The Strategy and tactics of pricing: (Record no. 364470)
[ view plain ]
| 000 -LEADER | |
|---|---|
| fixed length control field | 00447nam a2200145Ia 4500 |
| 008 - FIXED-LENGTH DATA ELEMENTS--GENERAL INFORMATION | |
| fixed length control field | 200924s9999 xx 000 0 und d |
| 020 ## - INTERNATIONAL STANDARD BOOK NUMBER | |
| International Standard Book Number | 978-036-72-4721-8 |
| 100 ## - MAIN ENTRY--PERSONAL NAME | |
| Personal name | Nagle, Thomas T. |
| 245 ## - TITLE STATEMENT | |
| Statement of responsibility, etc | Thomas T. Nagle, Georg Muller |
| Title | The Strategy and tactics of pricing: |
| Remainder of title | a guide to growing more profitably/ |
| 250 ## - EDITION STATEMENT | |
| Edition statement | 6th ed. |
| 260 ## - PUBLICATION, DISTRIBUTION, ETC. (IMPRINT) | |
| Place of publication, distribution, etc | NY: |
| Name of publisher, distributor, etc | Routledge |
| Date of publication, distribution, etc | 2018 |
| 300 ## - PHYSICAL DESCRIPTION | |
| Extent | xx, 331 pages |
| Dimensions | 25 cm. |
| 650 ## - SUBJECT ADDED ENTRY--TOPICAL TERM | |
| Topical term or geographic name as entry element | Marketing |
| 650 ## - SUBJECT ADDED ENTRY--TOPICAL TERM | |
| Topical term or geographic name as entry element | Pricing |
| Withdrawn status | Lost status | Damaged status | Home library | Current library | Shelving location | Date acquired | Source of acquisition | Total Checkouts | Full call number | Barcode | Date last seen | Price effective from | Koha item type |
|---|---|---|---|---|---|---|---|---|---|---|---|---|---|
| College Library | College Library | Reserve Section | 09/24/2020 | HF 5416.5 .N149 2018 | C22579 | 09/24/2020 | 09/24/2020 | Books |